[Event "4NCL/Div1/BET vs. HKF1"]
[Site "Birmingham ENG"]
[Date "2006.04.30"]
[Round "10.8"]
[White "Houska, Jovanka"]
[Black "Tidman, Sophie"]
[Result "1-0"]
[WhiteElo "2378"]
[BlackElo "2086"]
[PlyCount "85"]
[EventDate "2006.04.30"]
[EventType "team"]
[EventRounds "11"]
[EventCountry "ENG"]
[WhiteTeam "H Kingfisher 1"]
[BlackTeam "Betsson.com"]

1. e4 e6 2. d4 d5 3. Bd3 dxe4 4. Bxe4 Nf6 5. Bf3 c5 6. Ne2 Nc6 7. Be3 cxd4 8.
Nxd4 Ne5 9. O-O Nxf3+ 10. Qxf3 Qd5 11. Qe2 a6 12. Nc3 Qh5 13. Qxh5 Nxh5 14. Na4
Bd7 15. Nb6 Rd8 16. Rad1 Nf6 17. Nb3 Bc6 18. Rxd8+ Kxd8 19. Rd1+ Kc7 20. Na8+
Kc8 21. c4 Ng4 22. Bf4 e5 23. Bg3 f6 24. Nb6+ Kc7 25. Nd5+ Kb8 26. h3 Nh6 27.
f4 Nf5 28. Bf2 exf4 29. Nxf4 Bd6 30. Ne6 Be5 31. Na5 Be4 32. Rd7 Re8 33. Nc5
Bc7 34. Nab3 Bc6 35. Rf7 Rd8 36. Kf1 Nd6 37. Rxg7 Nxc4 38. Ne6 Rc8 39. Nxc7
Rxc7 40. Ba7+ Kc8 41. Rg8+ Kd7 42. Bb8 Rc8 43. Nc5+ 1-0

[Event "4NCL/Div1/WGR1 vs. 3CS1"]
[Site "Birmingham ENG"]
[Date "2006.04.30"]
[Round "10.1"]
[White "Adams, Michael"]
[Black "Davies, Nigel R"]
[Result "1-0"]
[WhiteElo "2720"]
[BlackElo "2521"]
[PlyCount "151"]
[EventDate "2006.04.30"]
[EventType "team"]
[EventRounds "11"]
[EventCountry "ENG"]
[WhiteTeam "Wood Green 1"]
[BlackTeam "3Cs Oldham 1"]

1. e4 e5 2. Nf3 Nc6 3. Bb5 a6 4. Ba4 Nf6 5. O-O Be7 6. Re1 d6 7. c3 O-O 8. h3
Nd7 9. d4 Bf6 10. Be3 b5 11. Bc2 Nb6 12. Nbd2 Re8 13. d5 Ne7 14. b3 c5 15. a4
Bd7 16. Bd3 Ng6 17. Bf1 Qc7 18. g3 Reb8 19. h4 Qd8 20. a5 Nc8 21. Nh2 Kh8 22.
b4 cxb4 23. cxb4 Qe8 24. Bg2 Bd8 25. h5 Nf8 26. h6 g6 27. f4 Ne7 28. fxe5 dxe5
29. Nb3 Nc8 30. Ng4 Bxg4 31. Qxg4 Nd6 32. Bc5 Nc4 33. Bh3 Rb7 34. Re2 Nd7 35.
Rf2 Nf6 36. Qf3 Ng8 37. d6 f6 38. d7 Qf7 39. Be3 Rxd7 40. Bxd7 Qxd7 41. Rd1 Qc6
42. Rc2 Be7 43. Bc5 Bf8 44. Bxf8 Rxf8 45. Nd2 Nxh6 46. Nxc4 bxc4 47. Rdc1 Nf5
48. Rxc4 Qa8 49. Rc7 Nd4 50. Qe3 g5 51. Kg2 Qb8 52. Qd2 Qe8 53. Ra7 Qg6 54. Qd3
Qg8 55. Qc4 Qg6 56. Qd3 Qg8 57. Rcc7 Qa2+ 58. Kf1 Qa1+ 59. Kf2 Qa2+ 60. Kf1
Qa1+ 61. Kg2 Qa2+ 62. Kh3 g4+ 63. Kxg4 Rg8+ 64. Kh3 Qe6+ 65. Kg2 Qa2+ 66. Kf1
Qa1+ 67. Kf2 Qb2+ 68. Ke1 Qxb4+ 69. Kf1 Rb8 70. Rxh7+ Kg8 71. Rag7+ Kf8 72. Rc7
Kg8 73. Rhd7 Kf8 74. Rh7 Kg8 75. Qd1 Ne6 76. Rh8+ 1-0

[Event "4NCL/Div1/WGR1 vs. 3CS1"]
[Site "Birmingham ENG"]
[Date "2006.04.30"]
[Round "10.2"]
[White "Jonkman, Harman"]
[Black "Bologan, Victor"]
[Result "0-1"]
[WhiteElo "2454"]
[BlackElo "2666"]
[PlyCount "56"]
[EventDate "2006.04.30"]
[EventType "team"]
[EventRounds "11"]
[EventCountry "ENG"]
[WhiteTeam "3Cs Oldham 1"]
[BlackTeam "Wood Green 1"]

1. e4 g6 2. d4 Bg7 3. Nc3 c6 4. Bc4 d6 5. Qf3 e6 6. Nge2 Nd7 7. Be3 Ngf6 8. g4
b5 9. Bd3 b4 10. Nb1 c5 11. g5 Nh5 12. c3 bxc3 13. bxc3 cxd4 14. cxd4 e5 15.
Nd2 O-O 16. Rd1 Qa5 17. O-O exd4 18. Nc4 Ne5 19. Nxe5 dxe3 20. Nc4 Qxg5+ 21.
Kh1 exf2 22. Nxd6 Be6 23. Bc4 Rad8 24. Bb3 Be5 25. Nc4 Rxd1 26. Rxd1 Bxc4 27.
Bxc4 Qh4 28. Qg2 Bxh2 0-1

[Event "4NCL/Div1/WGR1 vs. 3CS1"]
[Site "Birmingham ENG"]
[Date "2006.04.30"]
[Round "10.4"]
[White "Haslinger, Stewart"]
[Black "Gormally, Daniel W"]
[Result "1/2-1/2"]
[WhiteElo "2426"]
[BlackElo "2554"]
[PlyCount "72"]
[EventDate "2006.04.30"]
[EventType "team"]
[EventRounds "11"]
[EventCountry "ENG"]
[WhiteTeam "3Cs Oldham 1"]
[BlackTeam "Wood Green 1"]

1. e4 e5 2. Nf3 Nf6 3. d4 Nxe4 4. Bd3 Nc6 5. Bxe4 d5 6. Bg5 f6 7. Nxe5 dxe4 8.
Qh5+ g6 9. Nxg6 hxg6 10. Qxg6+ Kd7 11. Bxf6 Rh6 12. Qxh6 Bxh6 13. Bxd8 Kxd8 14.
O-O Bf5 15. c3 Kd7 16. Na3 Rg8 17. Kh1 Ne7 18. Nc4 Nd5 19. Rae1 Bh7 20. h3 Bf5
21. Kh2 Bf4+ 22. g3 b5 23. Ne5+ Bxe5 24. dxe5 Rh8 25. h4 Ke6 26. a4 a6 27. axb5
axb5 28. Ra1 Kxe5 29. Ra6 Rb8 30. Rd1 Bg4 31. Rd2 Rf8 32. Rg6 e3 33. Rg5+ Ke6
34. fxe3 Nxe3 35. Rd3 Rf2+ 36. Kg1 Rf1+ 1/2-1/2

[Event "4NCL/Div1/WGR1 vs. 3CS1"]
[Site "Birmingham ENG"]
[Date "2006.04.30"]
[Round "10.5"]
[White "Baburin, Alexander"]
[Black "Ashton, Adam G"]
[Result "1/2-1/2"]
[WhiteElo "2519"]
[BlackElo "2338"]
[PlyCount "138"]
[EventDate "2006.04.30"]
[EventType "team"]
[EventRounds "11"]
[EventCountry "ENG"]
[WhiteTeam "Wood Green 1"]
[BlackTeam "3Cs Oldham 1"]

1. d4 d5 2. c4 e6 3. Nc3 c6 4. Nf3 Nf6 5. e3 Nbd7 6. Bd3 dxc4 7. Bxc4 b5 8. Be2
Bb7 9. O-O Be7 10. e4 b4 11. e5 bxc3 12. exf6 Bxf6 13. bxc3 c5 14. dxc5 O-O 15.
Ba3 Be7 16. Qd4 Qc7 17. Rab1 Bd5 18. c4 Bc6 19. Qe3 Ba4 20. c6 Bxa3 21. Qxa3
Bxc6 22. Nd4 Be4 23. Rbd1 a6 24. Nb3 Rfc8 25. Rd4 Nf6 26. Rfd1 h6 27. Qd6 Qxd6
28. Rxd6 a5 29. f3 Bc6 30. Kf2 Kf8 31. Nd4 Be8 32. Rb6 Nd7 33. Rb2 Nc5 34. Ke3
Ke7 35. f4 Rab8 36. Rdb1 Rxb2 37. Rxb2 f6 38. Rb6 Rc7 39. Bf3 Bd7 40. Be2 Rb7
41. Rxb7 Nxb7 42. Bf3 Nc5 43. h4 a4 44. a3 e5 45. fxe5 fxe5 46. Nb5 Bf5 47. Kd2
e4 48. Be2 Kf6 49. Ke3 Ke5 50. Nc3 Be6 51. Bd1 Bxc4 52. Bxa4 Nxa4 53. Nxa4 g5
54. hxg5 hxg5 55. Nc5 Bd5 56. a4 Ba8 57. g4 Bc6 58. a5 Kd6 59. Nxe4+ Kc7 60.
Kd4 Kb7 61. Nc5+ Kc7 62. Ke5 Bf3 63. Kf5 Kc6 64. Nb3 Bd1 65. Nd4+ Kc5 66. Kxg5
Kxd4 67. a6 Ke5 68. a7 Bf3 69. Kg6 Be4+ 1/2-1/2

[Event "4NCL/Div1/WGR1 vs. 3CS1"]
[Site "Birmingham ENG"]
[Date "2006.04.30"]
[Round "10.6"]
[White "Walton, Alan J"]
[Black "Emms, John M"]
[Result "0-1"]
[WhiteElo "2200"]
[BlackElo "2502"]
[PlyCount "48"]
[EventDate "2006.04.30"]
[EventType "team"]
[EventRounds "11"]
[EventCountry "ENG"]
[WhiteTeam "3Cs Oldham 1"]
[BlackTeam "Wood Green 1"]

1. d4 Nf6 2. Bg5 e6 3. e4 h6 4. Bxf6 Qxf6 5. Nc3 Bb4 6. Qd2 c5 7. a3 Bxc3 8.
bxc3 d6 9. Nf3 O-O 10. Be2 Nc6 11. O-O e5 12. Rfd1 Bg4 13. Rab1 b6 14. d5 Ne7
15. Ne1 Bd7 16. Bb5 Bxb5 17. Rxb5 Qg6 18. Qe2 f5 19. exf5 Rxf5 20. a4 Raf8 21.
f3 e4 22. a5 exf3 23. Nxf3 Rxf3 24. Qxe7 Qxc2 0-1

[Event "4NCL/Div1/WGR1 vs. 3CS1"]
[Site "Birmingham ENG"]
[Date "2006.04.30"]
[Round "10.8"]
[White "Bentley, John L"]
[Black "Lalic, Bogdan"]
[Result "1/2-1/2"]
[WhiteElo "2244"]
[BlackElo "2480"]
[PlyCount "34"]
[EventDate "2006.04.30"]
[EventType "team"]
[EventRounds "11"]
[EventCountry "ENG"]
[WhiteTeam "3Cs Oldham 1"]
[BlackTeam "Wood Green 1"]

1. d4 Nf6 2. c4 e6 3. Nc3 Bb4 4. Bg5 h6 5. Bh4 c5 6. d5 Bxc3+ 7. bxc3 d6 8. e3
Qe7 9. Nf3 g5 10. Bg3 e5 11. Qc2 Nbd7 12. h4 Rg8 13. hxg5 hxg5 14. Be2 Kd8 15.
Nd2 Kc7 16. f3 Nf8 17. O-O-O Ng6 1/2-1/2

[Event "4NCL/Div1/WGR2 vs. BAR2"]
[Site "Birmingham ENG"]
[Date "2006.04.30"]
[Round "10.1"]
[White "Pert, Richard G"]
[Black "Cox, John J"]
[Result "1-0"]
[WhiteElo "2430"]
[BlackElo "2423"]
[PlyCount "80"]
[EventDate "2006.04.30"]
[EventType "team"]
[EventRounds "11"]
[EventCountry "ENG"]
[WhiteTeam "Wood Green 2"]
[BlackTeam "Barbican 4NCL 2"]

1. d4 e6 2. c4 f5 3. Nf3 Nf6 4. g3 d5 5. Bg2 c6 6. Nc3 Bd6 7. Bf4 Bxf4 8. gxf4
O-O 9. e3 Bd7 10. Qb3 Qb6 11. Ne5 Be8 12. Qxb6 axb6 13. b3 Nbd7 14. Nxd7 Nxd7
15. Kd2 Kf7 16. a4 Nf6 17. Rhg1 Rg8 18. Ne2 Ne4+ 19. Bxe4 fxe4 20. c5 bxc5 21.
dxc5 Bd7 22. Rg2 Kf6 23. Kc3 Rae8 24. a5 Bc8 25. Nd4 Bd7 26. f3 e5 27. fxe5+
Rxe5 28. f4 Re7 29. a6 bxa6 30. Rxa6 Rc8 31. b4 Kf7 32. Rga2 Ke8 33. Rb6 Rf7
34. Ra7 Rf6 35. Rbb7 Rd8 36. Rc7 Rh6 37. b5 cxb5 38. c6 Bc8 39. Rxg7 Kf8 40.
Raf7+ Ke8 1-0

[Event "4NCL/Div1/WGR2 vs. BAR2"]
[Site "Birmingham ENG"]
[Date "2006.04.30"]
[Round "10.2"]
[White "Rogers, Jonathan W"]
[Black "Ward, Christopher"]
[Result "1/2-1/2"]
[WhiteElo "2340"]
[BlackElo "2467"]
[PlyCount "114"]
[EventDate "2006.04.30"]
[EventType "team"]
[EventRounds "11"]
[EventCountry "ENG"]
[WhiteTeam "Barbican 4NCL 2"]
[BlackTeam "Wood Green 2"]

1. a4 d5 2. Nf3 Bg4 3. d4 Bxf3 4. exf3 e6 5. c3 Nd7 6. a5 c6 7. a6 b6 8. Bd3 g6
9. Bf4 Bg7 10. O-O Ne7 11. Qd2 O-O 12. Bh6 Bxh6 13. Qxh6 c5 14. Rd1 Nc6 15. Bb5
Rc8 16. Na3 Ndb8 17. Nc2 Qf6 18. dxc5 bxc5 19. Ne3 Qg7 20. Qf4 c4 21. Nc2 Qe5
22. Qd2 Qc7 23. f4 Rfd8 24. Qe3 Ne7 25. Nd4 Qb6 26. f5 gxf5 27. Qg5+ Kf8 28.
Qh6+ Kg8 29. Re1 Ng6 30. Re3 Nd7 31. Bxd7 Rxd7 32. Rae1 e5 33. Nxf5 f6 34. Rg3
Qe6 35. Nh4 Rg7 36. Nxg6 hxg6 37. Rxg6 Rxg6 38. Qxg6+ Kf8 39. h4 Ke7 40. Qh7+
Qf7 41. Qc2 Qh5 42. g3 Ke6 43. Qa4 Qe8 44. Qa5 Qd8 45. Qa4 Qe8 46. Qd1 Qg6 47.
b3 cxb3 48. Qxb3 Qd3 49. Rd1 Qf3 50. Rc1 Rg8 51. Qc2 f5 52. Re1 f4 53. Qh7
Rxg3+ 54. fxg3 Qxg3+ 55. Kf1 Qf3+ 56. Kg1 Qg3+ 57. Kf1 Qf3+ 1/2-1/2

[Event "4NCL/Div1/WGR2 vs. BAR2"]
[Site "Birmingham ENG"]
[Date "2006.04.30"]
[Round "10.3"]
[White "Turner, Matthew J"]
[Black "Taylor, Martin R"]
[Result "1-0"]
[WhiteElo "2495"]
[BlackElo "2305"]
[PlyCount "103"]
[EventDate "2006.04.30"]
[EventType "team"]
[EventRounds "11"]
[EventCountry "ENG"]
[WhiteTeam "Wood Green 2"]
[BlackTeam "Barbican 4NCL 2"]

1. e4 e5 2. Nf3 Nc6 3. Bb5 a6 4. Bxc6 dxc6 5. O-O Bd6 6. d4 exd4 7. Qxd4 f6 8.
Be3 Ne7 9. Nbd2 Be6 10. Qc3 Ng6 11. Nd4 Qe7 12. Nxe6 Qxe6 13. Qb3 Qxb3 14. axb3
O-O-O 15. Rfd1 Bf4 16. Nf1 Bxe3 17. Nxe3 Nf4 18. f3 Ne6 19. Kf2 Rxd1 20. Rxd1
Rd8 21. Rxd8+ Kxd8 22. Ke2 c5 23. c3 Kd7 24. g3 b5 25. f4 Nd8 26. Nf5 g6 27.
Ne3 c6 28. Nf1 Nb7 29. Nd2 Ke6 30. Ke3 Nd6 31. b4 Nb7 32. bxc5 Nxc5 33. b4 Na4
34. Kd4 Kd6 35. Nb3 Nb2 36. Nc5 Nc4 37. Nxa6 Nd2 38. h3 h5 39. e5+ fxe5+ 40.
fxe5+ Kd7 41. Nc5+ Ke7 42. Ke3 Nc4+ 43. Kf4 Kf7 44. h4 Nd2 45. Ne4 Nf1 46. Ng5+
Ke7 47. Nf3 Ke6 48. Nd4+ Kd5 49. e6 Kd6 50. Kg5 Ke7 51. Kxg6 Nxg3 52. Nf5+ 1-0

[Event "4NCL/Div1/WGR2 vs. BAR2"]
[Site "Birmingham ENG"]
[Date "2006.04.30"]
[Round "10.4"]
[White "Pritchett, Craig W"]
[Black "Arakhamia-Grant, Ketevan"]
[Result "1-0"]
[WhiteElo "2285"]
[BlackElo "2423"]
[PlyCount "133"]
[EventDate "2006.04.30"]
[EventType "team"]
[EventRounds "11"]
[EventCountry "ENG"]
[WhiteTeam "Barbican 4NCL 2"]
[BlackTeam "Wood Green 2"]

1. e4 c5 2. Nf3 Nc6 3. Bb5 g6 4. Bxc6 dxc6 5. O-O Bg7 6. d3 e5 7. Be3 Qe7 8.
Qd2 Bg4 9. Ne1 Nf6 10. h3 Be6 11. Nc3 h6 12. a3 c4 13. dxc4 Bxc4 14. Nd3 Nd7
15. Rfd1 f5 16. exf5 gxf5 17. Re1 O-O-O 18. Bxa7 Rhg8 19. Na4 Qg5 20. Qxg5 hxg5
21. Ndc5 Nxc5 22. Nb6+ Kc7 23. Nxc4 Nd7 24. a4 e4 25. a5 c5 26. Rad1 Ra8 27.
Bb6+ Nxb6 28. axb6+ Kc6 29. g4 fxg4 30. hxg4 Rge8 31. Rd6+ Kb5 32. Rg6 Kxc4 33.
Rxg7 Ra2 34. b3+ Kb5 35. c4+ Kxb6 36. Rxg5 Rb2 37. Re3 Rf8 38. Rf5 Rd8 39. g5
Rb1+ 40. Kg2 Rdd1 41. Rxe4 Rxb3 42. Re6+ Ka7 43. Rxc5 Rd4 44. Re3 Rb2 45. Kg3
Rb1 46. Ra5+ Kb8 47. Rb5 Rg1+ 48. Kf3 Rxc4 49. Re7 Kc8 50. Rexb7 Rxg5 51. Rb8+
Kc7 52. Rxg5 Kxb8 53. Rd5 Kc8 54. Kg3 Rc7 55. f4 Rg7+ 56. Kf3 Rg8 57. f5 Rd8
58. Ke4 Re8+ 59. Kf4 Rf8 60. Kg5 Rg8+ 61. Kf6 Kc7 62. Kf7 Rg1 63. f6 Kc6 64.
Rd3 Kc7 65. Kf8 Rf1 66. f7 Rg1 67. Rd4 1-0

[Event "4NCL/Div1/WGR2 vs. BAR2"]
[Site "Birmingham ENG"]
[Date "2006.04.30"]
[Round "10.5"]
[White "Levitt, Jonathan P"]
[Black "Berry, Neil"]
[Result "1/2-1/2"]
[WhiteElo "2448"]
[BlackElo "2285"]
[PlyCount "102"]
[EventDate "2006.04.30"]
[EventType "team"]
[EventRounds "11"]
[EventCountry "ENG"]
[WhiteTeam "Wood Green 2"]
[BlackTeam "Barbican 4NCL 2"]

1. d4 d5 2. c4 c6 3. Nf3 Nf6 4. Qc2 g6 5. Bf4 Na6 6. cxd5 Nb4 7. Qb3 Nbxd5 8.
Be5 Bg7 9. e4 Nb6 10. Nbd2 O-O 11. Bd3 c5 12. dxc5 Nbd7 13. Rc1 Nxe5 14. Nxe5
Nh5 15. Ndf3 Nf4 16. O-O Be6 17. Bc4 Ne2+ 18. Kh1 Nxc1 19. Rxc1 Bxc4 20. Nxc4
Qc7 21. Qe3 Rac8 22. b4 b6 23. Na3 bxc5 24. bxc5 Rfd8 25. g3 Qa5 26. Rc2 Rd1+
27. Kg2 Qa6 28. Nc4 Rcd8 29. Qa3 Qc6 30. Ne3 Qxe4 31. Rc4 Qd3 32. Qxa7 Bh6 33.
Nxd1 Qxc4 34. Nb2 Qb5 35. Qb6 Rb8 36. Qxb5 Rxb5 37. Nd3 Ra5 38. Nfe5 Rxa2 39.
Nb4 Ra5 40. Nd7 Bd2 41. Nc6 Ra2 42. Nxe7+ Kg7 43. Nd5 Rc2 44. Kf3 f5 45. Ke2
Ba5+ 46. Kd3 Rxf2 47. c6 Kf7 48. Nc5 Bd8 49. Nb7 Ke8 50. Nd6+ Kf8 51. Nb7 Ke8
1/2-1/2

[Event "4NCL/Div1/WGR2 vs. BAR2"]
[Site "Birmingham ENG"]
[Date "2006.04.30"]
[Round "10.6"]
[White "Coleman, David"]
[Black "Bellon Lopez, Juan M"]
[Result "1/2-1/2"]
[WhiteElo "2245"]
[BlackElo "2440"]
[PlyCount "155"]
[EventDate "2006.04.30"]
[EventType "team"]
[EventRounds "11"]
[EventCountry "ENG"]
[WhiteTeam "Barbican 4NCL 2"]
[BlackTeam "Wood Green 2"]

1. e4 c5 2. Nf3 e6 3. d4 cxd4 4. Nxd4 Nf6 5. Nc3 Nc6 6. Ndb5 Bc5 7. Bf4 O-O 8.
Bc7 Qe7 9. Bd6 Bxd6 10. Qxd6 Ne8 11. Qxe7 Nxe7 12. O-O-O f5 13. Nd6 Nxd6 14.
Rxd6 fxe4 15. Nxe4 Nf5 16. Rd2 d5 17. Ng5 Nh4 18. g3 Nf3 19. Nxf3 Rxf3 20. Bg2
Rf7 21. f4 g6 22. h4 h5 23. Re1 Bd7 24. Bh3 Rf6 25. Rde2 Kf7 26. Bg2 Kf8 27.
Bh3 Ke7 28. Rd2 Kd6 29. Bf1 Rc8 30. Bd3 a5 31. Kb1 Rc5 32. c3 Bb5 33. Bc2 Be8
34. Rd4 b5 35. Bd3 Rf8 36. a4 bxa4 37. Ka2 Ke7 38. Bc2 Kf6 39. Bxa4 Bxa4 40.
Rxa4 Rb8 41. Ka3 Rb6 42. Re5 Rcb5 43. b4 Rc6 44. Kb3 axb4 45. Rxb4 Rbc5 46. Re3
Rc4 47. Rxc4 Rxc4 48. Re5 Rc8 49. Kb4 Kf7 50. Re3 Ke7 51. Kb3 Ra8 52. Kc2 Ra2+
53. Kd3 Kf6 54. Re5 Rg2 55. Rg5 Rg1 56. Ke2 Ra1 57. Kd2 Ra4 58. Re5 Ra2+ 59.
Kd3 Ra1 60. Kd2 Rb1 61. Ke2 Rg1 62. Rg5 Kf7 63. Kd2 Ra1 64. Ke2 Kf6 65. Kd2 Ra4
66. Re5 d4 67. cxd4 Rxd4+ 68. Ke2 Rd5 69. Re3 Kf5 70. Kf3 Ra5 71. Rb3 Rd5 72.
Re3 Rc5 73. Rb3 e5 74. fxe5 Rxe5 75. Ra3 Rb5 76. Re3 g5 77. hxg5 Kxg5 78. Ra3
1/2-1/2

[Event "4NCL/Div1/WGR2 vs. BAR2"]
[Site "Birmingham ENG"]
[Date "2006.04.30"]
[Round "10.7"]
[White "Martin, Andrew D"]
[Black "Taylor, Peter"]
[Result "1-0"]
[WhiteElo "2433"]
[BlackElo "2240"]
[PlyCount "69"]
[EventDate "2006.04.30"]
[EventType "team"]
[EventRounds "11"]
[EventCountry "ENG"]
[WhiteTeam "Wood Green 2"]
[BlackTeam "Barbican 4NCL 2"]

1. Nf3 c5 2. b3 Nf6 3. Bb2 e6 4. e3 Be7 5. d4 cxd4 6. exd4 O-O 7. Bd3 b6 8. O-O
Bb7 9. Nbd2 d6 10. Qe2 Nbd7 11. Ng5 h6 12. Nge4 Nxe4 13. Nxe4 Nf6 14. Ng3 d5
15. Nh5 Qc7 16. Nxf6+ Bxf6 17. f4 Rfe8 18. Rf3 a6 19. Raf1 b5 20. g4 Qb6 21.
Qf2 g6 22. g5 Bg7 23. gxh6 Bxh6 24. h4 f5 25. h5 gxh5 26. Qh4 Qd8 27. Qxh5 Qf6
28. Kf2 Kh7 29. Rh1 Rg8 30. Re3 Bc8 31. Ba3 Ra7 32. Bd6 Rag7 33. Be5 Rg2+ 34.
Kf1 Qg6 35. Qxh6+ 1-0

[Event "4NCL/Div1/BAR1 vs. GUI2"]
[Site "Birmingham ENG"]
[Date "2006.04.30"]
[Round "10.1"]
[White "Parker, Jonathan"]
[Black "Flear, Glenn C"]
[Result "1-0"]
[WhiteElo "2504"]
[BlackElo "2465"]
[PlyCount "73"]
[EventDate "2006.04.30"]
[EventType "team"]
[EventRounds "11"]
[EventCountry "ENG"]
[WhiteTeam "Barbican 4NCL 1"]
[BlackTeam "Guildford-ADC 2"]

1. d4 d5 2. c4 c6 3. Nf3 Nf6 4. e3 Bg4 5. Nbd2 e6 6. Be2 Nbd7 7. O-O Bd6 8. b3
O-O 9. Bb2 Qb8 10. h3 Bh5 11. Ne1 Bxe2 12. Qxe2 Re8 13. Nd3 e5 14. dxe5 Nxe5
15. Rad1 dxc4 16. Nxc4 Nxc4 17. Bxf6 Ne5 18. Nxe5 Bxe5 19. Bh4 Qc8 20. Rd3 h6
21. Qf3 Qe6 22. Rfd1 f6 23. Bg3 Re7 24. Bxe5 Qxe5 25. h4 Rf8 26. g3 a5 27. Rd4
h5 28. Qe2 Rfe8 29. Qc2 f5 30. R1d3 g6 31. Qd2 Kh7 32. Rd6 Qb5 33. R3d4 c5 34.
R4d5 Re6 35. Rxe6 Rxe6 36. Rd7+ Kg8 37. Rc7 1-0

[Event "4NCL/Div1/BAR1 vs. GUI2"]
[Site "Birmingham ENG"]
[Date "2006.04.30"]
[Round "10.2"]
[White "Plaskett, James"]
[Black "Ferguson, Mark"]
[Result "1/2-1/2"]
[WhiteElo "2485"]
[BlackElo "2388"]
[PlyCount "49"]
[EventDate "2006.04.30"]
[EventType "team"]
[EventRounds "11"]
[EventCountry "ENG"]
[WhiteTeam "Guildford-ADC 2"]
[BlackTeam "Barbican 4NCL 1"]

1. d4 d5 2. Bg5 h6 3. Bh4 c6 4. Nf3 Qb6 5. Nbd2 Bf5 6. Qc1 e6 7. c4 Be7 8. Bg3
Nf6 9. e3 Ne4 10. c5 Qd8 11. Nxe4 Bxe4 12. Nd2 Bg6 13. b4 O-O 14. Be2 Bh4 15.
Bd6 Be7 16. Bg3 Bh4 17. Bxh4 Qxh4 18. O-O Nd7 19. Qb2 Qe7 20. Nf3 Rfe8 21. Ne5
Nxe5 22. dxe5 f6 23. Rac1 fxe5 24. Qxe5 Qf6 25. Qxf6 1/2-1/2

[Event "4NCL/Div1/BAR1 vs. GUI2"]
[Site "Birmingham ENG"]
[Date "2006.04.30"]
[Round "10.3"]
[White "Collins, Sam"]
[Black "Prie, Eric"]
[Result "1/2-1/2"]
[WhiteElo "2409"]
[BlackElo "2475"]
[PlyCount "66"]
[EventDate "2006.04.30"]
[EventType "team"]
[EventRounds "11"]
[EventCountry "ENG"]
[WhiteTeam "Barbican 4NCL 1"]
[BlackTeam "Guildford-ADC 2"]

1. e4 d5 2. exd5 Qxd5 3. Nc3 Qa5 4. d4 Nf6 5. Nf3 c6 6. Bc4 Bf5 7. Bd2 e6 8.
Nd5 Qd8 9. Nxf6+ Qxf6 10. Qe2 Bg4 11. O-O-O Be7 12. Kb1 Nd7 13. Bc3 Qf4 14. Qe3
Qc7 15. h3 Bf5 16. g4 Bg6 17. h4 h5 18. Ng5 O-O-O 19. Bxe6 fxe6 20. Nxe6 Qd6
21. d5 Nf6 22. Qxa7 Nxd5 23. Qa8+ Qb8 24. Qxb8+ Kxb8 25. Bxg7 Rh7 26. Nxd8 Rxg7
27. Ne6 Rf7 28. gxh5 Bxh5 29. Rd2 Bf3 30. Rg1 Bxh4 31. Ng5 Rf5 32. Nxf3 Rxf3
33. a3 Rxf2 1/2-1/2

[Event "4NCL/Div1/BAR1 vs. GUI2"]
[Site "Birmingham ENG"]
[Date "2006.04.30"]
[Round "10.4"]
[White "Wallace, John P"]
[Black "Palliser, Richard"]
[Result "1-0"]
[WhiteElo "2392"]
[BlackElo "2401"]
[PlyCount "111"]
[EventDate "2006.04.30"]
[EventType "team"]
[EventRounds "11"]
[EventCountry "ENG"]
[WhiteTeam "Guildford-ADC 2"]
[BlackTeam "Barbican 4NCL 1"]

1. d4 Nf6 2. Nf3 e6 3. c4 c5 4. Nc3 cxd4 5. Nxd4 Nc6 6. a3 Bc5 7. Nb3 Be7 8. e4
O-O 9. Be2 b6 10. O-O Ba6 11. Bf4 d6 12. f3 Rc8 13. Rc1 Qd7 14. Nb5 Rfd8 15.
Qd2 d5 16. exd5 exd5 17. Rfd1 dxc4 18. Qxd7 Rxd7 19. Rxd7 Nxd7 20. Bxc4 Nce5
21. Be2 Rxc1+ 22. Nxc1 Bc5+ 23. Kf1 Bxb5 24. Bxb5 Bd4 25. b4 Bb2 26. Bd2 Nf6
27. a4 Nd5 28. Na2 Kf8 29. Ke2 Nc7 30. Bd3 Nxd3 31. Kxd3 Be5 32. f4 Bd6 33. Kc4
Ke8 34. Nc3 Kd7 35. Nb5 Nxb5 36. Kxb5 Kc7 37. Ka6 Kb8 38. g4 g6 39. h3 Ka8 40.
f5 Kb8 41. Bc3 Bg3 42. Bd2 Bd6 43. Bc3 Bg3 44. Bd4 Bd6 45. Kb5 Kb7 46. Kc4 a6
47. b5 gxf5 48. gxf5 axb5+ 49. axb5 Kc7 50. Kd5 Be7 51. Ke5 Bd8 52. f6 Kd7 53.
Kf5 Kd6 54. Kg5 Kd5 55. Bb2 Ke6 56. h4 1-0

[Event "4NCL/Div1/BAR1 vs. GUI2"]
[Site "Birmingham ENG"]
[Date "2006.04.30"]
[Round "10.5"]
[White "Knott, Simon"]
[Black "Shaw, John K"]
[Result "1/2-1/2"]
[WhiteElo "2378"]
[BlackElo "2439"]
[PlyCount "57"]
[EventDate "2006.04.30"]
[EventType "team"]
[EventRounds "11"]
[EventCountry "ENG"]
[WhiteTeam "Barbican 4NCL 1"]
[BlackTeam "Guildford-ADC 2"]

1. Nf3 d5 2. d4 Nf6 3. c4 c6 4. Nc3 dxc4 5. a4 Bf5 6. e3 e6 7. Bxc4 Bb4 8. O-O
O-O 9. Qe2 Ne4 10. Bd3 Bxc3 11. bxc3 Nxc3 12. Qc2 Bxd3 13. Qxd3 Nd5 14. Rb1 b6
15. Ba3 Re8 16. Rfc1 a5 17. e4 Nb4 18. Bxb4 axb4 19. Qb3 c5 20. dxc5 bxc5 21.
Rxc5 Qd7 22. a5 Na6 23. Rc4 Qb5 24. Nd4 Qxa5 25. Nc6 Qb5 26. h3 h6 27. Nxb4
Reb8 28. Qc3 Qd7 29. Rc1 1/2-1/2

[Event "4NCL/Div1/BAR1 vs. GUI2"]
[Site "Birmingham ENG"]
[Date "2006.04.30"]
[Round "10.6"]
[White "Cherniaev, Alexander"]
[Black "Collinson, Adam"]
[Result "1-0"]
[WhiteElo "2460"]
[BlackElo "2385"]
[PlyCount "59"]
[EventDate "2006.04.30"]
[EventType "team"]
[EventRounds "11"]
[EventCountry "ENG"]
[WhiteTeam "Guildford-ADC 2"]
[BlackTeam "Barbican 4NCL 1"]

1. e4 d6 2. f4 Nf6 3. d3 g6 4. Nf3 Bg7 5. c3 c5 6. Be2 Nc6 7. Na3 Rb8 8. O-O
O-O 9. Qe1 e6 10. Bd2 h6 11. b4 cxb4 12. cxb4 a6 13. Kh1 Bd7 14. Rb1 b5 15. Bd1
Nh7 16. Bb3 Nd4 17. Nxd4 Bxd4 18. Nc2 Bg7 19. Be3 Rc8 20. Qg3 Kh8 21. Ne1 Nf6
22. Qh3 Nh5 23. g4 e5 24. f5 Nf4 25. Bxf4 exf4 26. Rxf4 Qg5 27. Rf1 Rc3 28. Nf3
Qe3 29. Rbe1 Qxd3 30. f6 1-0

[Event "4NCL/Div1/BAR1 vs. GUI2"]
[Site "Birmingham ENG"]
[Date "2006.04.30"]
[Round "10.7"]
[White "Devereaux, Maxim"]
[Black "van Delft, Merijn"]
[Result "0-1"]
[WhiteElo "2367"]
[BlackElo "2372"]
[PlyCount "58"]
[EventDate "2006.04.30"]
[EventType "team"]
[EventRounds "11"]
[EventCountry "ENG"]
[WhiteTeam "Barbican 4NCL 1"]
[BlackTeam "Guildford-ADC 2"]

1. d4 d5 2. Nf3 Nf6 3. c4 c6 4. Nc3 a6 5. c5 Nbd7 6. Bf4 Nh5 7. g3 g6 8. Qd2
Nxf4 9. gxf4 Bg7 10. h4 O-O 11. e3 b6 12. cxb6 c5 13. Rc1 cxd4 14. Nxd4 Bb7 15.
Na4 e5 16. fxe5 Nxe5 17. Bg2 Rb8 18. b3 Re8 19. Rc7 Qd6 20. Kf1 h5 21. Bh3 Ba8
22. Qc2 Qf6 23. Rg1 Qxh4 24. Rg3 Ng4 25. Bxg4 hxg4 26. Nc6 d4 27. Qc4 Re6 28.
Nc5 Bxc6 29. Rxf7 Bb5 0-1